Lana Del Rey - Yayo - Statistics

General Stats
  • This quiz has been taken 70 times
  • The average score is 215 of 265
Answer Stats
Answer % Correct
on
100%
On
100%
you
100%
You
100%
I
98%
"I
98%
your
98%
a
96%
Yayo
96%
yayo
96%
like
92%
Like
92%
me
92%
the
92%
baby
86%
daddy
86%
for
86%
Put
86%
put
86%
do"
84%
show
84%
yes
84%
It
82%
snake
82%
tattoo
82%
Let
80%
let
80%
to
80%
my
78%
take
78%
and
76%
only
74%
tiger
74%
black
72%
blue
72%
have
72%
wear
72%
when
72%
call
70%
mama
70%
From
68%
hours
68%
motorcycle
68%
sparkle
68%
takes
68%
dress
66%
need
66%
onto
66%
two
66%
Nevada
64%
now
64%
ivy
62%
ink
60%
yeah
60%
doll
58%
this
58%
'50s
56%
right
56%
with
56%
Ah
54%
ah
54%
heaven
54%
dark
52%
hold
52%
life
52%
are
50%
Hello
50%
how
48%
night
48%
park
46%
trailer
44%
tunnel
44%
yellow
42%
druggie
40%
told
40%
lights
36%
lined
28%
No matching quizzes found
Score Distribution
Percent of People with Each Score
Percentile by Number Answered
Your Score History
You have not taken this quiz